Indian popular cinema : (Record no. 128748)
[ view plain ]
| 000 -LEADER | |
|---|---|
| fixed length control field | 00836nam a22002417a 4500 |
| 005 - DATE AND TIME OF LATEST TRANSACTION | |
| control field | 20170124110044.0 |
| 010 ## - LIBRARY OF CONGRESS CONTROL NUMBER | |
| LC control number | A-947559 |
| 020 ## - INTERNATIONAL STANDARD BOOK NUMBER | |
| Terms of availability | 00.00 |
| International Standard Book Number | 8125015825 |
| 035 ## - SYSTEM CONTROL NUMBER | |
| System control number | A-947559 |
| 037 ## - SOURCE OF ACQUISITION | |
| Source of stock number/acquisition | Cen Lib/Ret |
| 040 ## - CATALOGING SOURCE | |
| Original cataloging agency | DPL |
| Language of cataloging | EN |
| 082 ## - DEWEY DECIMAL CLASSIFICATION NUMBER | |
| Classification number | 791.13 |
| Item number | GOK |
| 100 ## - MAIN ENTRY--PERSONAL NAME | |
| Personal name | Gokulsing, K. Moti |
| 9 (RLIN) | 24303 |
| 245 ## - TITLE STATEMENT | |
| Title | Indian popular cinema : |
| Statement of responsibility, etc | by K Moti Gokulsing and Wimal Dissanayake |
| Remainder of title | a narrative of cultural change / |
| 260 ## - PUBLICATION, DISTRIBUTION, ETC. (IMPRINT) | |
| Place of publication, distribution, etc | New Delhi |
| Name of publisher, distributor, etc | Orient Longman |
| Date of publication, distribution, etc | 1998 |
| 270 ## - ADDRESS | |
| Address | 1/24 Asaf Ali Road |
| City | New Delhi |
| Postal code | 110002 |
| 300 ## - PHYSICAL DESCRIPTION | |
| Extent | vii,151p. : |
| Dimensions | 25cm(Hb) |
| Other physical details | ill. |
| 500 ## - GENERAL NOTE | |
| General note | Includes bibliographical references and index |
| 650 ## - SUBJECT ADDED ENTRY--TOPICAL TERM | |
| Topical term or geographic name as entry element | Motion pictures -- India |
| 9 (RLIN) | 24304 |
| 650 ## - SUBJECT ADDED ENTRY--TOPICAL TERM | |
| Topical term or geographic name as entry element | Motion pictures -- Social aspects -- India |
| 9 (RLIN) | 24305 |
| 700 ## - ADDED ENTRY--PERSONAL NAME | |
| Personal name | Dissanayake, Wimal |
| 9 (RLIN) | 24306 |
| 942 ## - ADDED ENTRY ELEMENTS (KOHA) | |
| Source of classification or shelving scheme | Dewey Decimal Classification |
| Koha item type | English Books |
| Classification part | 791.13 |
| Call number suffix | GOK |
| Withdrawn status | Lost status | Damaged status | Not for loan | Home library | Current library | Date acquired | Source of acquisition | Cost, normal purchase price | Total Checkouts | Full call number | Barcode | Date last seen | Date checked out | Copy number | Cost, replacement price | Price effective from | Koha item type | Source of classification or shelving scheme |
|---|---|---|---|---|---|---|---|---|---|---|---|---|---|---|---|---|---|---|
| Central Library | Central Library | 03/07/2015 | Cen Lib/Ret | 0.00 | 1 | 791.13 GOK | A-947559 | 23/02/2021 | 08/02/2021 | 1 | 0.00 | 03/07/2015 | English Books | |||||
| Central Library | Central Library | 06/10/2016 | 791.13 GOK | A-947560 | 06/10/2016 | 2 | 06/10/2016 | English Books | Dewey Decimal Classification |
